| 000 | 02756cam a22005054i 4500 | ||
|---|---|---|---|
| 003 | PE-LiUPU | ||
| 005 | 20250731173350.0 | ||
| 008 | 150706s r 000 0 d | ||
| 035 | _a(Sirsi) a48107 | ||
| 040 |
_aPE-LiUPU _bspa _cPE-LiUPU _erda |
||
| 049 | _aPRUA | ||
| 082 | 0 | 4 |
_a286.732 _bEM _221 |
| 082 | 0 | 4 |
_a286.73205 _bEM _221 |
| 100 | 1 |
_aVille, Jard de, _eautor. |
|
| 245 | 1 | 3 |
_aEl manual del pastor sobre las relaciones interpersonales / _cclaves para un liderazgo exitoso. |
| 264 | 1 |
_aNampa, Idaho : _bPacific Press, _c1998. |
|
| 300 |
_a206 páginas : _bilustraciones ; _c22 cm. |
||
| 336 |
_atext _2rdacontent |
||
| 337 |
_aunmediated _2rdamedia |
||
| 338 |
_avolume _2rdacarrier |
||
| 490 | 0 |
_aEdiciones Ministeriales ; _v3 |
|
| 505 | 0 | _aRelaciones y liderazgo -- Comprendiendo el liderazgo -- Practicando el liderazgo -- Involucrando a su gente -- Patrones de personalidad que moldean relaciones -- Liderazgo situacional -- Liderazgo parroquial lógico: solución de problemas -- Liderazgo eclesiástico objetivo: tomando decisiones -- Liderazgo de Iglesia que inspira: motivando al miembro -- Liderazgo de Iglesia que apoya: aconsejando al miembro -- Administrando sabiamente las relaciones -- Principio básico de las relaciones interpersonales -- El principio de la reciprocidad psicológica -- El principio de la percepción selectiva -- El principio de la justificación lógica -- El principio de las recompensas apropiadas -- El principio del manejo de conflictos -- El principio de la administración -- Hacia el crecimiento de iglesia -- Evangelismo local -- Una comunidad para la vida espiritual. | |
| 526 | _aSEG42 | ||
| 526 | _aSEG41 | ||
| 526 | _aSEG40 | ||
| 526 | _aSEG39 | ||
| 526 | _aP94 | ||
| 526 | _aP87 | ||
| 526 | _aP86 | ||
| 526 | _aP85 | ||
| 526 | _aP77 | ||
| 526 | _aP76 | ||
| 526 | _aP35 | ||
| 650 | 0 | 4 | _aLiderazgo pastoral. |
| 910 |
_agl _bjv _clch _d20100212 |
||
| 942 |
_2ddc _cBOOK |
||
| 949 |
_a286.732 EM 3 _wDEWEY _c1 _i60978 _lCCODEBUL1 _mBUL _p10.00 _r0 _sY _tLIBRO _u2015-07-06 _xTEOLOGIA _zUNKNOWN _o.STAFF. Colección General |
||
| 949 |
_a286.732 EM 3 _wDEWEY _c2 _i60977 _lCCODEBUL1 _mBUL _p10.00 _r0 _sY _tLIBRO _u2015-07-06 _xTEOLOGIA _zUNKNOWN _o.STAFF. Colección General |
||
| 994 |
_aC0 _bPEPRU |
||
| 596 | _a1 4 | ||
| 999 |
_a286.732 EM 3 _wDEWEY _c50323 _i60977 _d50323 _e2018-4-26 _f2021-11-11 _g6 _lCCODEBUL1 _mBUL _n1 _p10.00 _r0 _sY _tBOOK _u2015-7-6 _xTEOLOGIA _zUNKNOWN _o.STAFF. Colección General |
||
| 999 |
_a286.73205 EM 3 _wDEWEY _c1 _iCE60978 _mBWL _p10.00 _r0 _sY _tBOOK _u2015-7-6 _xWHITE _zUNKNOWN _o.STAFF. Centro White |
||
| 980 |
_81 _gALBERTO SANCHEZ Responsable de Automatización |
||